000 00193nam a2200085Ia 4500
008 180219s9999 xx 000 0 und d
100 _aGoyal M K
245 0 _aEnvironmental Glossary
260 _a"Agra
260 _c Agrawal"
999 _c42943
_d42943